Ambitos de familia: nuevas estructuras-jefatura femenina-intolerancia y violencia-legislación-políticas públicas

Salvato in:
Dettagli Bibliografici
Autori principali: Fuentes, Mario Luis (Autore), López, María de la Paz (Autore), Loría, Cecilia (Autore), Brachet, Viviane (Autore), Bonfil, Paloma (Autore), Salinas, Laura (Autore), Guerra, Teresa (Autore), Covián, Silvia (Autore), Tuirán, Rodolfo (Autore), Salles, Vannia (Autore), Barbieri, Teresita de (Autore), Amunátegui, Bárbara (Autore), Cervantes, Francisco (Autore), Esteinou, Rosario (Autore)
Natura: Libro
Lingua:spagnolo
Pubblicazione: Ciudad de México Sistema Nacional para el Desarrollo Integral de la Familia 1997
Edizione:1a. ed
Soggetti:
Tags: Aggiungi Tag
Nessun Tag, puoi essere il primo ad aggiungerne!!

MARC

LEADER 00000nam a2200000 a 4500
001 UCG0414
003 CL-VaPUC
008 100325e19970000MX |||||||||||||||||spa|d
082 0 4 |a 362.82  |b FUE  |2 21 
100 0 |a Fuentes, Mario Luis  |e author  |9 547807 
700 0 |a López, María de la Paz  |e author  |9 547808 
700 0 |a Loría, Cecilia  |e author  |9 547809 
700 0 |a Brachet, Viviane  |e author  |9 547810 
700 0 |a Bonfil, Paloma  |e author  |9 547811 
700 0 |a Salinas, Laura  |e author  |9 547812 
700 0 |a Guerra, Teresa  |e author  |9 547813 
700 0 |a Covián, Silvia  |e author  |9 547814 
700 0 |a Tuirán, Rodolfo  |e author  |9 547815 
700 0 |a Salles, Vannia  |e author  |9 547816 
700 0 |a Barbieri, Teresita de  |e author  |9 547817 
700 0 |a Amunátegui, Bárbara  |e author  |9 547818 
700 0 |a Cervantes, Francisco  |e author  |9 547819 
700 0 |a Esteinou, Rosario  |e author  |9 547820 
245 1 0 |a Ambitos de familia: nuevas estructuras-jefatura femenina-intolerancia y violencia-legislación-políticas públicas 
250 |a 1a. ed 
300 |a 102 p 
942 |c BK 
945 |d 20100325 00:00:00  |a rbrito 
260 |a Ciudad de México  |b Sistema Nacional para el Desarrollo Integral de la Familia  |c 1997 
650 0 |a Familias   |9 255641 
650 0 |a Política social  |9 257588 
650 0 |a Violencia intrafamiliar  |9 312986 
650 0 |a Derecho de familia  |9 255603 
650 0 |a Bienestar social   |9 255298 
583 |a last modification  |c 20121217 08:10:22  |k Rodrigo Vera 
999 |c 340053  |d 340051 
952 |0 0  |1 0  |4 0  |6 362_820000000000000_FUE_1997  |7 0  |8 A  |9 434412  |a BIBGIM  |b BIBGIM  |d 2019-11-22  |i 4654668  |o 362.82 FUE 1997  |p 4654668  |r 2025-01-15  |w 2019-11-22  |y BK  |k GIM